000 08175nam a22006137a 4500
005 2012020902412.0
010 _aB-473646-676
020 _c50.00
_a9788185586168
035 _aB-473646-676
037 _bब्लूबेरी बुक्स
082 _a
100 _aप्रसाद, जयशंकर
_950841
245 _aपुरस्कार /
_cजयशंकर प्रसाद;तापस गुहा द्वारा चित्रांकित
250 _a5वां संस्क
260 _aनई दिल्ली
_bकथा
_c2010
270 _aए-3 सर्वोदय एनक्लेव, श्री औरोबिन्दो मार्ग
_bनई दिल्ली
_e110017
300 _a19.पृ.
_bसचित्र
_c22सेमी (अजिल्द)
700 _aतापस गुहा
_941293
700 _941305
942 _2ddc
_cCH
_h
_mप्रसाद
999 _c62367
_d62367